=LDR 00000nam 2200000 4500 =001 000825 =005 20250713090410 =035 ##$$a 0010-0725000696 =007 ta =008 250713################a##########0#ind## =020 ##$$a 987-623-118-886-1 =082 ##$$a 398. 209 598 =084 ##$$a 398. 209 598 WAR m =100 #$$a Wartono =245 1#$$a Merpati untuk Arul /$c Wartono =250 ##$$a Cetakan Pertama =260 ##$$a Jakarta Timur :$b Badan Pengembangan dan Pembinaan Bahasa,$c 2024 =300 ##$$a 24 hlm. : $b Ilus. ; $c 29,7 cm =990 ##$$a TBM202400653